A legal hand-book for foreign investors in Viet Nam = Sổ tay pháp luật dành cho nhà đầu tư nước ngoài

Nội dung sách giới thiệu cơ bản của luật đầu tư nước ngoài tại Việt Nam và các ngành luật đang tạo nên môi trường pháp lý thuận lợi cho các nhà đầu tư thực hiện tốt công việc kinh doanh của mình...

Description complète

Enregistré dans:
Détails bibliographiques
Auteur principal: Lê, Thành Châu
Format: Livre
Langue:Undetermined
Publié: Hà Nội Thế giới 1994
Sujets:
Tags: Ajouter un tag
Pas de tags, Soyez le premier à ajouter un tag!
Thư viện lưu trữ: Trung tâm Học liệu Trường Đại học Cần Thơ
LEADER 01227nam a2200229Ia 4500
001 CTU_216951
008 210402s9999 xx 000 0 und d
082 |a 346.59707 
082 |b Ch125 
100 |a Lê, Thành Châu 
245 2 |a A legal hand-book for foreign investors in Viet Nam = 
245 0 |b Sổ tay pháp luật dành cho nhà đầu tư nước ngoài 
245 0 |c Lê Thành Châu 
260 |a Hà Nội 
260 |b Thế giới 
260 |c 1994 
520 |a Nội dung sách giới thiệu cơ bản của luật đầu tư nước ngoài tại Việt Nam và các ngành luật đang tạo nên môi trường pháp lý thuận lợi cho các nhà đầu tư thực hiện tốt công việc kinh doanh của mình 
650 |a Investments, Foreign,Investments, Foreign,Đầu tư, nước ngoài,Đầu tư, nước ngoài 
650 |x Handbooks, manuals, etc.,Law and legislation,Luật và pháp luật,Sổ tay, sách hướng dẫn, vv 
650 |z Vietnam,Việt Nam 
904 |i Qhieu -Hồ Ngọc Thanh Phương 
980 |a Trung tâm Học liệu Trường Đại học Cần Thơ